Nghề rèn truyền thống của người Nùng An ở bản Phya Chang
Chương 1: Bản Phya Chang và các nghề thủ công cổ truyền; Chương 2: Nghề rèn ở Phya Chang; Chương 3: Bảo tồn và phát huy nghề rèn truyền thống ở Phya Chang.
Đã lưu trong:
| Príomhúdar: | |
|---|---|
| Formáid: | Leabhar |
| Teanga: | Undetermined |
| Foilsithe: |
Hà Nội
Khoa học - Xã hội
2011
|
| Ábhair: | |
| Clibeanna: |
Cuir Clib Leis
Gan Chlibeanna, Bí ar an gcéad duine leis an taifead seo a chlibeáil!
|
| Thư viện lưu trữ: | Trung tâm Học liệu Trường Đại học Cần Thơ |
|---|
| LEADER | 00829nam a2200193Ia 4500 | ||
|---|---|---|---|
| 001 | CTU_172205 | ||
| 008 | 210402s9999 xx 000 0 und d | ||
| 082 | |a 671.332 | ||
| 082 | |b Nh502 | ||
| 100 | |a Hoàng, Thị Nhuận | ||
| 245 | 0 | |a Nghề rèn truyền thống của người Nùng An ở bản Phya Chang | |
| 245 | 0 | |c Hoàng Thị Nhuận | |
| 260 | |a Hà Nội | ||
| 260 | |b Khoa học - Xã hội | ||
| 260 | |c 2011 | ||
| 520 | |a Chương 1: Bản Phya Chang và các nghề thủ công cổ truyền; Chương 2: Nghề rèn ở Phya Chang; Chương 3: Bảo tồn và phát huy nghề rèn truyền thống ở Phya Chang. | ||
| 650 | |a Nghề rèn,Forging industry | ||
| 904 | |i Trọng Hải | ||
| 980 | |a Trung tâm Học liệu Trường Đại học Cần Thơ | ||